| 000 | 01150nam a2200325Ia 4500 | ||
|---|---|---|---|
| 001 | ebr10539147 | ||
| 003 | CaPaEBR | ||
| 006 | m u | ||
| 007 | cr cn||||||||| | ||
| 008 | 110620s2011 gau s 000 j eng d | ||
| 010 | _z 2011024538 | ||
| 020 | _z0881462497 | ||
| 020 | _z9780881462494 | ||
| 020 | _z9780881462500 | ||
| 020 | _z0881462500 | ||
| 040 |
_aCaPaEBR _cCaPaEBR |
||
| 035 | _a(OCoLC)787846145 | ||
| 050 | 1 | 4 |
_aPS3561.A885 _bG74 2011eb |
| 100 | 1 | _aKay, Terry. | |
| 245 | 1 | 4 |
_aThe greats of Cuttercane _h[electronic resource] : _bthe southern stories / _cTerry Kay. |
| 250 | _a1st ed. | ||
| 260 |
_aMacon, GA : _bMercer University Press, _cc2011. |
||
| 300 | _ax, 195 p. | ||
| 533 |
_aElectronic reproduction. _bPalo Alto, Calif. : _cebrary, _d2011. _nAvailable via World Wide Web. _nAccess may be limited to ebrary affiliated libraries. |
||
| 650 | 0 | _aShort stories, American. | |
| 650 | 0 | _aAmerican fiction. | |
| 655 | 7 |
_aElectronic books. _2local |
|
| 710 | 2 | _aebrary, Inc. | |
| 856 | 4 | 0 |
_uhttp://site.ebrary.com/lib/rucke/Doc?id=10539147 _zAn electronic book accessible through the World Wide Web; click to view |
| 999 |
_c246006 _d246006 |
||